[Event "COL-ch U20"]
[Site "Bogota"]
[Date "2015.02.01"]
[Round "6"]
[White "Morales, Fabian"]
[Black "Cruz Beltran, Andres Euclides"]
[Result "0-1"]
[WhiteElo "1600"]
[BlackElo "1542"]
[PlyCount "40"]
[EventDate "2015.01.30"]
[EventType "swiss"]
[EventRounds "6"]
[EventCountry "COL"]
[SourceTitle "CBM 164 Extra"]
[Source "ChessBase"]
[SourceDate "2015.03.02"]
[SourceVersion "1"]
[SourceVersionDate "2015.03.02"]
[SourceQuality "1"]

1. d4 d5 2. Nc3 Nf6 3. g3 Bf5 4. Bg2 e6 5. e3 c5 6. Nge2 Nc6 7. a3 cxd4 8. exd4 Bd6 9. 0-0 0-0 10. Nb5 a6 11. Nxd6 Qxd6 12. Bf4 Qd7 13. Re1 Be4 14. Nc3 Bxg2 15. Kxg2 Rfe8 16. Na4 Qd8 17. Nc5 b6 18. Nb7 Qd7 19. Nd6 Red8 20. Qf3 Nxd4 0-1

[Event "COL-ch U20"]
[Site "Bogota"]
[Date "2015.02.01"]
[Round "5"]
[White "Perez Velasco, Daniela"]
[Black "Morales, Fabian"]
[Result "1-0"]
[WhiteElo "1508"]
[BlackElo "1600"]
[PlyCount "50"]
[EventDate "2015.01.30"]
[EventType "swiss"]
[EventRounds "6"]
[EventCountry "COL"]
[SourceTitle "CBM 164 Extra"]
[Source "ChessBase"]
[SourceDate "2015.03.02"]
[SourceVersion "1"]
[SourceVersionDate "2015.03.02"]
[SourceQuality "1"]

1. d4 d5 2. c4 c6 3. Nc3 e6 4. Nf3 Nd7 5. Bf4 Be7 6. e3 Ngf6 7. Bd3 Nb6 8. c5 Nc4 9. Qc2 a6 10. 0-0 b6 11. Na4 b5 12. Bxc4 dxc4 13. Nb6 Ra7 14. Ne5 Bb7 15. a4 0-0 16. Bg5 Re8 17. Rfb1 Qc7 18. b3 Nh5 19. Bxe7 Rxe7 20. bxc4 f6 21. Nf3 b4 22. a5 e5 23. d5 cxd5 24. Nxd5 Qxc5 25. Nxe7+ Qxe7 1-0